5 Countries Click Quiz #1 - Statistics

General Stats
  • This quiz has been taken 247 times
  • The average score is 11 of 15
Answer Stats
Hint Answer % Correct
Capital is Tokyo? Japan
97%
Capital is Stockholm? Sweden
97%
Capital is Kuala Lumpur? Malaysia
95%
Country with Mt. Fuji? Japan
94%
Nickname is "Land of Indigenous Malay"? Malaysia
92%
Capital is Maseru? Lesotho
87%
Capital has the same name as country? Guatemala
86%
What countries national language tsunami comes from? Japan
85%
There is a hotel made of ice in.....? Sweden
81%
Imports waste from Norway? Sweden
77%
Has the Petronas Towers? Malaysia
76%
Where chocolate was discovered? Guatemala
68%
Only country that existes only above 1,000 meters? Lesotho
49%
Means, "Land of many trees"? Guatemala
41%
Highest suicide rate? Lesotho
10%
No matching quizzes found
Score Distribution
Percent of People with Each Score
Percentile by Number Answered
Your Score History
You have not taken this quiz